000 01046nam a2200241 a 4500
999 _c9946
_d9946
001 9946
003 BD-JhCC
005 20180403185051.0
008 180403s1346 ii |||| |||| 000 0 mul d
035 _a(BD-JhCC)9946
040 _aBD-JhCC
_dBD-JhCC
041 _aBengali & English
082 _a891.4409
_bBON 1346
100 _aবন্দ্যোপাধ্যায়, শ্রী কনক
245 _aরবি-রশ্মি :
_bপশ্চিম ভাগে [ক্ষণিকা হইতে তাসের দেশ পর্যন্ত] /
_cশ্রী কনক বন্দ্যোপাধ্যায়,
250 _a5 th Edi.
260 _aকলকাতা :
_bএ. মুখার্জী অ্যান্ড কোং প্রাইভেট লি:,
_c1346.
300 _a402 p. :
_c22 cm.
500 _aচারুচন্দ্র বন্দ্যোপাধ্যায় কর্তৃক বিশ্লেষিত
650 _aBengali literature
942 _2ddc
_cBK